[Event "Asia Cities-ch 14th"]
[Site "Tagaytay City"]
[Date "2004.03.25"]
[Round "7.2"]
[White "Nolte, Rolando"]
[Black "Datu, Idelfonso"]
[Result "0-1"]
[WhiteElo "2389"]
[BlackElo "2443"]
[PlyCount "102"]
[EventDate "2004.03.21"]
[EventType "team"]
[EventRounds "9"]
[EventCountry "PHI"]
[SourceTitle "CBM 099 Extra"]
[Source "ChessBase"]
[SourceDate "2004.05.04"]
[SourceVersion "1"]
[SourceVersionDate "2004.05.04"]
[SourceQuality "1"]
[WhiteTeam "Tanauan"]
[BlackTeam "Mandaluyong"]
[WhiteTeamCountry "PHI"]
[BlackTeamCountry "PHI"]

1. e4 Nf6 2. e5 Nd5 3. d4 d6 4. Nf3 Bg4 5. Be2 e6 6. 0-0 Be7 7. c4 Nb6 8. Nc3 0-0 9. Be3 Nc6 10. exd6 cxd6 11. b3 d5 12. c5 Nc8 13. b4 Bxf3 14. Bxf3 Bf6 15. Rb1 N8e7 16. b5 Na5 17. Be2 Nf5 18. Bd3 Nxd4 19. Bxd4 Bxd4 20. Bxh7+ Kxh7 21. Qxd4 Rc8 22. Rfe1 Qf6 23. Qb4 Nc4 24. Ne4 Qe7 25. Nd6 Nxd6 26. cxd6 Qd7 27. Qh4+ Kg8 28. Rb3 Rc4 29. Qh5 Qxd6 30. Rh3 f6 31. Qh7+ Kf7 32. Qh5+ Ke7 33. Qh7 Rf7 34. Qg8 Qc7 35. Rh8 Kd6 36. g3 e5 37. Qa8 b6 38. Rd1 d4 39. h4 Qb7 40. Qd8+ Kc5 41. Rb1 Rb4 42. Rc1+ Kxb5 43. a3 Rb2 44. Qe8+ Rd7 45. Rf8 Ka5 46. Qe6 Qf3 47. Rf1 Rc7 48. Rf7 Rxf2 49. Qxe5+ fxe5 50. Rxf3 Rxf3 51. Rxf3 Rc3 0-1

[Event "Asia Cities-ch 14th"]
[Site "Tagaytay City"]
[Date "2004.03.22"]
[Round "2.3"]
[White "Sitanggang, Salor"]
[Black "Datu, Idelfonso"]
[Result "1/2-1/2"]
[WhiteElo "2407"]
[BlackElo "2443"]
[PlyCount "43"]
[EventDate "2004.03.21"]
[EventType "team"]
[EventRounds "9"]
[EventCountry "PHI"]
[SourceTitle "CBM 099 Extra"]
[Source "ChessBase"]
[SourceDate "2004.05.04"]
[SourceVersion "1"]
[SourceVersionDate "2004.05.04"]
[SourceQuality "1"]
[WhiteTeam "Jakarta"]
[BlackTeam "Mandaluyong"]
[WhiteTeamCountry "INA"]
[BlackTeamCountry "PHI"]

1. d4 d5 2. Nf3 Nf6 3. c4 e6 4. Nc3 c6 5. e3 Nbd7 6. Qc2 Bd6 7. Bd3 dxc4 8. Bxc4 e5 9. 0-0 0-0 10. h3 Qe7 11. Bb3 Re8 12. Ng5 Rf8 13. Nf3 Re8 14. Bd2 h6 15. Nh4 Nf8 16. Nf5 Bxf5 17. Qxf5 Rad8 18. Rad1 Qd7 19. Qxd7 N6xd7 20. dxe5 Nxe5 21. Bc2 Ne6 22. Bc1 1/2-1/2

[Event "Sea Chess-chT 1st"]
[Site "Kuala Lumpur"]
[Date "2001.09.08"]
[Round "4"]
[White "Nay, Oo Kyaw Tun"]
[Black "Datu, Idelfonso"]
[Result "1/2-1/2"]
[WhiteElo "2515"]
[BlackElo "2445"]
[PlyCount "36"]
[EventDate "2001.09.05"]
[EventType "team"]
[EventRounds "5"]
[EventCountry "MAS"]
[SourceTitle "CBM 084 Extra"]
[Source "ChessBase"]
[SourceDate "2001.10.26"]
[SourceVersion "1"]
[SourceVersionDate "2001.10.26"]
[SourceQuality "1"]

1. e4 e5 2. Nf3 Nc6 3. Bb5 a6 4. Ba4 Nf6 5. d4 exd4 6. 0-0 Be7 7. e5 Ne4 8. Nxd4 Nxd4 9. Qxd4 Nc5 10. Nc3 Nxa4 11. Qxa4 0-0 12. Rd1 f6 13. Qc4+ Kh8 14. Nd5 c6 15. Nxe7 Qxe7 16. exf6 Qxf6 17. Qd4 Qxd4 18. Rxd4 d5 1/2-1/2

[Event "Zhong Hong Real Estate Cup"]
[Site "Beijing"]
[Date "2001.07.28"]
[Round "9"]
[White "Datu, Idelfonso"]
[Black "Ni, Hua"]
[Result "0-1"]
[WhiteElo "2445"]
[BlackElo "2568"]
[PlyCount "64"]
[EventDate "2001.07.20"]
[EventType "tourn"]
[EventRounds "11"]
[EventCountry "CHN"]
[EventCategory "10"]
[SourceTitle "CBM 085"]
[Source "ChessBase"]
[SourceDate "2001.11.13"]
[SourceVersion "1"]
[SourceVersionDate "2001.11.13"]
[SourceQuality "1"]

1. Nf3 Nf6 2. g3 g6 3. Bg2 Bg7 4. 0-0 d5 5. d4 0-0 6. c4 dxc4 7. Na3 Nc6 8. Nxc4 Be6 9. Nce5 Bd5 10. Bf4 Nxe5 11. Bxe5 c6 12. Qc2 Qb6 13. Ne1 Bxg2 14. Kxg2 Rfd8 15. Nd3 Bf8 16. Bxf6 exf6 17. e3 Qb5 18. Rfc1 Qf5 19. Kg1 h5 20. Nf4 Qd7 21. Qb3 Kg7 22. Rd1 h4 23. d5 c5 24. e4 Bd6 25. Qf3 Rh8 26. Rac1 hxg3 27. hxg3 Rh6 28. Kg2 Rah8 29. Rh1 Rxh1 30. Rxh1 Rxh1 31. Kxh1 Qa4 32. a3 Qc2 0-1

[Event "PHI-ch"]
[Site "Quezon City"]
[Date "2001.04.11"]
[Round "10"]
[White "Datu, Idelfonso"]
[Black "Sayson, Alan"]
[Result "1-0"]
[WhiteElo "2381"]
[BlackElo "2345"]
[PlyCount "65"]
[EventDate "2001.04.02"]
[EventType "tourn"]
[EventRounds "11"]
[EventCountry "PHI"]
[EventCategory "7"]
[SourceTitle "CBM 081 Extra"]
[Source "ChessBase"]
[SourceDate "2001.05.06"]
[SourceVersion "1"]
[SourceVersionDate "2001.05.06"]
[SourceQuality "1"]

1. d4 e6 2. Nf3 Nf6 3. g3 d5 4. Bg2 c5 5. 0-0 Nc6 6. c4 dxc4 7. Ne5 Nxe5 8. dxe5 Qxd1 9. Rxd1 Nd7 10. f4 Be7 11. a4 Rb8 12. Na3 0-0 13. Nxc4 Rd8 14. Nd6 b6 15. Be3 f6 16. Bh3 Nf8 17. a5 Bxd6 18. exd6 Bb7 19. axb6 axb6 20. b4 Rbc8 21. bxc5 bxc5 22. Rac1 c4 23. Bb6 Rd7 24. Bc7 Ba6 25. Bg2 Rcxc7 26. dxc7 Rxc7 27. Rd6 Bb5 28. f5 Kf7 29. fxe6+ Ke7 30. Rb6 Rc5 31. Ra1 Nxe6 32. Ra7+ Nc7 33. Rxb5 1-0

[Event "PHI-ch"]
[Site "Quezon City"]
[Date "2001.04.09"]
[Round "8"]
[White "Bitoon, Richard"]
[Black "Datu, Idelfonso"]
[Result "1/2-1/2"]
[WhiteElo "2432"]
[BlackElo "2381"]
[PlyCount "73"]
[EventDate "2001.04.02"]
[EventType "tourn"]
[EventRounds "11"]
[EventCountry "PHI"]
[EventCategory "7"]
[SourceTitle "CBM 081 Extra"]
[Source "ChessBase"]
[SourceDate "2001.05.06"]
[SourceVersion "1"]
[SourceVersionDate "2001.05.06"]
[SourceQuality "1"]

1. e4 e5 2. d4 exd4 3. Qxd4 Nc6 4. Qd3 Nf6 5. Nc3 Bb4 6. Bd2 0-0 7. 0-0-0 Re8 8. Nge2 d6 9. Bg5 h6 10. Bh4 Ne5 11. Qb5 Bxc3 12. Nxc3 Bd7 13. Qxb7 Bc6 14. Qa6 g5 15. Bg3 Bxe4 16. f4 gxf4 17. Bxf4 Bg6 18. Bb5 Nfd7 19. Rhf1 Nc5 20. Qa5 Re6 21. Nd5 c6 22. Qxd8+ Rxd8 23. Bxe5 Rxe5 24. Nf6+ Kg7 25. Bxc6 Rc8 26. Rxd6 Re2 27. Kd1 Rxc2 28. Ne8+ Rxe8 29. Bxe8 Rxb2 30. Rd2 Rb1+ 31. Ke2 Bh5+ 32. Rf3 Ne4 33. Rc2 Ng5 34. Bc6 Nxf3 35. gxf3 Bg6 36. Rd2 Rb6 37. Be4 1/2-1/2

[Event "PHI-ch"]
[Site "Quezon City"]
[Date "2001.04.05"]
[Round "4"]
[White "Gonzales, Jayson"]
[Black "Datu, Idelfonso"]
[Result "1/2-1/2"]
[WhiteElo "2396"]
[BlackElo "2381"]
[PlyCount "76"]
[EventDate "2001.04.02"]
[EventType "tourn"]
[EventRounds "11"]
[EventCountry "PHI"]
[EventCategory "7"]
[SourceTitle "CBM 081 Extra"]
[Source "ChessBase"]
[SourceDate "2001.05.06"]
[SourceVersion "1"]
[SourceVersionDate "2001.05.06"]
[SourceQuality "1"]

1. c4 e6 2. g3 d5 3. Bg2 Nf6 4. Nf3 dxc4 5. Na3 Bxa3 6. bxa3 0-0 7. Qc2 Qd5 8. Bb2 Nbd7 9. Rc1 c6 10. 0-0 Qe4 11. Qd1 Qf5 12. Rxc4 e5 13. d3 Re8 14. Qc2 Qe6 15. e4 c5 16. Ng5 Qe7 17. f4 b6 18. Qd1 Ba6 19. Rc2 Qd6 20. Rd2 h6 21. Nf3 Ng4 22. Qe2 f5 23. Nh4 Ngf6 24. Nxf5 Qe6 25. Bh3 Qc6 26. Ne3 Rad8 27. Bg2 Qe6 28. Re1 Qf7 29. Rf1 exf4 30. Rxf4 Qg6 31. Qd1 Ne5 32. Qa4 Rxd3 33. Bxe5 Rxe5 34. Rxd3 Bxd3 35. Qb3+ c4 36. Nxc4 Bxc4 37. Qxc4+ Qf7 38. Qd4 Qe7 1/2-1/2

[Event "Goodricke op 12th"]
[Site "Kolkata"]
[Date "2001.02.15"]
[Round "10"]
[White "Datu, Idelfonso"]
[Black "Simutowe, Amon"]
[Result "1-0"]
[WhiteElo "2381"]
[BlackElo "2462"]
[PlyCount "75"]
[EventDate "2001.02.06"]
[EventType "swiss"]
[EventRounds "11"]
[EventCountry "IND"]
[SourceTitle "CBM 082"]
[Source "ChessBase"]
[SourceDate "2001.05.17"]
[SourceVersion "1"]
[SourceVersionDate "2001.05.17"]
[SourceQuality "1"]

1. Nf3 Nf6 2. g3 g6 3. Bg2 Bg7 4. 0-0 0-0 5. d4 d5 6. c4 dxc4 7. Na3 c6 8. Nxc4 Nbd7 9. b3 Nb6 10. Bb2 Ne4 11. Nfe5 Nd6 12. Qc2 a5 13. a4 Nd5 14. Rfd1 Nb4 15. Qd2 Bf5 16. Ne3 Be6 17. N5c4 Nf5 18. Nxf5 gxf5 19. Bc3 Nd5 20. Bxa5 b6 21. Bc3 f4 22. Bb2 f6 23. e4 fxe3 24. Nxe3 Bh6 25. f4 Rf7 26. Rac1 Qd7 27. Nxd5 Bxd5 28. Re1 Rg7 29. Bxd5+ cxd5 30. Qe3 Kh8 31. Ba3 b5 32. a5 Qh3 33. Bxe7 Re8 34. Rc7 Qf5 35. Ra1 Qg6 36. Bxf6 Rf8 37. Bxg7+ Bxg7 38. Re7 1-0

[Event "Goodricke op 12th"]
[Site "Kolkata"]
[Date "2001.02.12"]
[Round "7"]
[White "Ghaem Maghami, Ehsan"]
[Black "Datu, Idelfonso"]
[Result "1-0"]
[WhiteElo "2504"]
[BlackElo "2381"]
[PlyCount "103"]
[EventDate "2001.02.06"]
[EventType "swiss"]
[EventRounds "11"]
[EventCountry "IND"]
[SourceTitle "CBM 082"]
[Source "ChessBase"]
[SourceDate "2001.05.17"]
[SourceVersion "1"]
[SourceVersionDate "2001.05.17"]
[SourceQuality "1"]

1. e4 e5 2. Bc4 Nf6 3. d3 c6 4. Nf3 d5 5. Bb3 Bd6 6. Nc3 dxe4 7. Ng5 0-0 8. Ncxe4 Nxe4 9. Nxe4 Bf5 10. 0-0 Na6 11. Qf3 Bxe4 12. dxe4 Nc5 13. Bc4 b5 14. Be2 Ne6 15. c3 Bc5 16. g3 a5 17. Kg2 Be7 18. h4 Qc8 19. Qf5 g6 20. Qf3 Ng7 21. Bh6 Qe6 22. Qg4 Rfd8 23. Rfd1 a4 24. h5 Rxd1 25. Qxe6 Nxe6 26. Rxd1 Rd8 27. Rxd8+ Bxd8 28. f4 exf4 29. gxf4 g5 30. fxg5 Nf4+ 31. Kf3 Nxe2 32. Kxe2 Bc7 33. b3 axb3 34. axb3 Bf4 35. Kf3 Bd2 36. c4 bxc4 37. bxc4 Bc1 38. Kg4 Be3 39. Kf5 Bd2 40. e5 c5 41. Ke4 Bc1 42. Kd5 Be3 43. Kd6 Bf4 44. Kxc5 Bxe5 45. Kd5 Bf4 46. c5 f6 47. c6 fxg5 48. Ke6 Bc7 49. Bxg5 Kg7 50. Kd7 Bb8 51. c7 Bxc7 52. Kxc7 1-0

[Event "Goodricke op 12th"]
[Site "Kolkata"]
[Date "2001.02.07"]
[Round "2"]
[White "Datu, Idelfonso"]
[Black "Joshi, Pankaj"]
[Result "1-0"]
[WhiteElo "2381"]
[BlackElo "2285"]
[PlyCount "95"]
[EventDate "2001.02.06"]
[EventType "swiss"]
[EventRounds "11"]
[EventCountry "IND"]
[SourceTitle "CBM 082"]
[Source "ChessBase"]
[SourceDate "2001.05.17"]
[SourceVersion "1"]
[SourceVersionDate "2001.05.17"]
[SourceQuality "1"]

1. Nf3 Nf6 2. g3 g6 3. Bg2 Bg7 4. 0-0 0-0 5. d4 d6 6. c4 Nbd7 7. Nc3 e5 8. e4 exd4 9. Nxd4 Re8 10. Be3 a6 11. f3 Rb8 12. a4 Ne5 13. b3 Nfd7 14. Qc2 c6 15. h3 Nc5 16. Rad1 Qe7 17. f4 Ned7 18. Bf2 a5 19. Rd2 Qd8 20. Nde2 Qb6 21. Rb1 Qc7 22. Qd1 Bf8 23. g4 Nf6 24. Bxc5 dxc5 25. e5 Nd7 26. Ne4 Bg7 27. Nd6 Re7 28. g5 Nf8 29. Qf1 h6 30. h4 Bg4 31. Ng3 Ne6 32. Nge4 h5 33. Re1 Rd8 34. Re3 b6 35. Red3 Red7 36. Bh3 Bxh3 37. Rxh3 Nd4 38. Rhd3 Rxd6 39. Nxd6 Rxd6 40. exd6 Qxd6 41. f5 Qe5 42. f6 Bf8 43. Qf2 Qe4 44. Re3 Qg4+ 45. Qg3 Qxg3+ 46. Rxg3 Bd6 47. Re3 Kf8 48. Rd1 1-0

[Event "Olympiad-34"]
[Site "Istanbul"]
[Date "2000.11.10"]
[Round "13.4"]
[White "Datu, Idelfonso"]
[Black "Soppe, Guillermo"]
[Result "1/2-1/2"]
[WhiteElo "2345"]
[BlackElo "2471"]
[PlyCount "59"]
[EventDate "2000.10.28"]
[EventType "team-swiss"]
[EventRounds "14"]
[EventCountry "TUR"]
[SourceTitle "EXT 2001"]
[Source "ChessBase"]
[SourceDate "2000.11.22"]
[SourceVersion "1"]
[SourceVersionDate "2000.11.22"]
[SourceQuality "1"]
[WhiteTeam "Philippines"]
[BlackTeam "Argentina"]
[WhiteTeamCountry "PHI"]
[BlackTeamCountry "ARG"]

1. c4 e6 2. g3 d5 3. Bg2 c6 4. Qc2 dxc4 5. Qxc4 Nf6 6. Nf3 b5 7. Qc2 Bb7 8. 0-0 Nbd7 9. a4 a6 10. d4 c5 11. axb5 Be4 12. Qd1 axb5 13. Rxa8 Qxa8 14. Nc3 Bc6 15. dxc5 b4 16. Nb1 Bxc5 17. Nbd2 0-0 18. Ne1 Bxg2 19. Nxg2 Rc8 20. Nb3 Be7 21. Nf4 Ne5 22. Nd2 Qc6 23. Nf3 Nxf3+ 24. exf3 Qc2 25. Qxc2 Rxc2 26. Rd1 Kf8 27. Nd3 Ke8 28. Kf1 Nd5 29. Bd2 Bf6 30. Bxb4 1/2-1/2

[Event "Olympiad-34"]
[Site "Istanbul"]
[Date "2000.11.08"]
[Round "11.4"]
[White "De Firmian, Nick E"]
[Black "Datu, Idelfonso"]
[Result "1-0"]
[WhiteElo "2567"]
[BlackElo "2345"]
[PlyCount "75"]
[EventDate "2000.10.28"]
[EventType "team-swiss"]
[EventRounds "14"]
[EventCountry "TUR"]
[SourceTitle "EXT 2001"]
[Source "ChessBase"]
[SourceDate "2000.11.22"]
[SourceVersion "1"]
[SourceVersionDate "2000.11.22"]
[SourceQuality "1"]
[WhiteTeam "United States"]
[BlackTeam "Philippines"]
[WhiteTeamCountry "USA"]
[BlackTeamCountry "PHI"]

1. e4 e5 2. Nf3 Nc6 3. Bb5 a6 4. Ba4 Nf6 5. 0-0 b5 6. Bb3 Bc5 7. a4 Bb7 8. d3 0-0 9. Nc3 b4 10. Nd5 Na5 11. Bg5 Bxd5 12. Bxd5 c6 13. Ba2 d6 14. c3 h6 15. Bh4 bxc3 16. bxc3 Qe7 17. Rb1 Ba7 18. d4 Bb8 19. Re1 Bc7 20. Qd3 Rfc8 21. Nd2 Bd8 22. f4 Qa7 23. fxe5 dxe5 24. Nf3 exd4 25. cxd4 c5 26. e5 Nh7 27. e6 c4 28. Bxd8 Rxd8 29. Bxc4 Nxc4 30. Qxc4 fxe6 31. Rxe6 Kh8 32. Rc6 Ng5 33. Nxg5 hxg5 34. Rd1 a5 35. Rd3 g4 36. Rc5 g6 37. Rc7 Qb6 38. Qc1 1-0

[Event "US Masters op"]
[Site "Hawaii"]
[Date "1998.??.??"]
[Round "2"]
[White "Crispin, Thomas A"]
[Black "Datu, Idelfonso"]
[Result "0-1"]
[WhiteElo "2190"]
[BlackElo "2335"]
[PlyCount "55"]
[EventDate "1998.07.??"]
[EventType "swiss"]
[EventRounds "9"]
[EventCountry "USA"]
[SourceTitle "EXT 1999"]
[Source "ChessBase"]
[SourceDate "1998.11.16"]
[SourceVersion "1"]
[SourceVersionDate "1998.11.16"]
[SourceQuality "1"]

1. e4 e5 2. d4 exd4 3. Qxd4 Nc6 4. Qe3 Nf6 5. Nc3 Bb4 6. Bd2 0-0 7. 0-0-0 Re8 8. Qg3 Nxe4 9. Nxe4 Rxe4 10. c3 Bd6 11. f4 Qf6 12. Nh3 Ra4 13. Bd3 Be7 14. Ng5 g6 15. f5 Ne5 16. Rhf1 Nxd3+ 17. Qxd3 d5 18. Nxh7 Qa6 19. Qe3 Re4 20. Qg3 Kxh7 21. fxg6+ Qxg6 22. Qxc7 Bf5 23. Qxb7 Rd8 24. h4 Rd7 25. Qc8 d4 26. h5 Qe6 27. g4 Qxa2 28. g5 0-1